000 00310nam a22001337a 4500
008 170605b xxu||||| |||| 00| 0 eng d
020 _a9781852834241
041 _aeng
080 _a94
100 _a18
101 _aSHH
245 _aAPE MAN THE STORY OF HUMAN EVULOTION
_cCAIRG.R
942 _2udc
_cBK
999 _c15974
_d15974